000 00317 a2200157 4500
001 161504
020 _a
040 _cMagnum
100 _aCarvalho, Mercedes Penna
240 1 0 _aTricota, sa cobra
_lpor
245 1 0 _aTricota, sa cobra
362 0 _a1899
440 1 _aRHJ
697 _aI/ANIMAIS
942 _cBK
999 _c161504
_d161504